| 000 | 01239nmm a2200349 a 4500 | ||
|---|---|---|---|
| 001 | ocm0002146139 | ||
| 003 | TR-IsHL | ||
| 005 | 20201028181935.0 | ||
| 008 | 190120s2018 tu tur | ||
| 007 | cr cn | ||
| 020 | _a9786054535415 | ||
| 035 |
_a2146139 _b(N$T) |
||
| 050 | 0 | 4 |
_aPJ6233 _b.E58 2018 |
| 090 | 0 | 4 |
_aPJ6233 _b.E58 2018 |
| 100 | 1 | _aElveren, Abdurrahim | |
| 245 | 1 | 0 |
_aTürkçede zamanlar: الأزمنة في اللغة التركية _h[electronic resource] / _cAbdurrahim Elveren ; tercüme: Abdurrazık Ahmed |
| 250 | _a3. Basım | ||
| 260 |
_aİstanbul : _bAkdem Yayınları, _c2018 |
||
| 300 | _a172 p. | ||
| 500 | _aArapça eser adı: Ez-zamanetu fi'l lugati't-Türkiye : talim kavaidu'l lugati't-Türkiye bi sehil tarika | ||
| 650 | 4 | _aDil ve Edebiyat | |
| 650 | 4 | _aLanguage and Literature | |
| 650 | 0 | _aArapça öğrenme | |
| 650 | 0 | _aLearning Arabic | |
| 650 | 0 | _aArap Dilbilgisi | |
| 650 | 0 | _aArabic Grammar | |
| 650 | 0 | _aArapça hikayeler | |
| 650 | 0 | _aArabic stories | |
| 650 | 7 |
_aLANGUAGE ARTS & DISCIPLINES / Grammar & Punctuation _2bisacsh |
|
| 700 | 1 | _aAhmed, Abdurrazık | |
| 856 | 4 | 0 | _uhttp://search.ebscohost.com/login.aspx?direct=true&scope=site&db=e011xww&AN=2146139 |
| 999 |
_c19837 _d19837 |
||